ARRUPE JESUIT UNIVERSITY

CORONAVIRUS -STOP THE SPREAD - CLEAN,DISINFECT,COVER

Popper (Record no. 64178)

MARC details
000 -LEADER
fixed length control field 00483nam a2200229Ia 4500
003 - CONTROL NUMBER IDENTIFIER
control field 0100
008 - FIXED-LENGTH DATA ELEMENTS--GENERAL INFORMATION
fixed length control field 130303s9999 xx 000 0 und d
040 ## - CATALOGING SOURCE
Transcribing agency ARRUPELIB
050 ## - LIBRARY OF CONGRESS CALL NUMBER
Classification number B1649.P64M33 1985
300 ## - PHYSICAL DESCRIPTION
Other physical details 20cm.
100 ## - MAIN ENTRY--PERSONAL NAME
Personal name Magee, Bryan
245 ## - TITLE STATEMENT
Title Popper
250 ## - EDITION STATEMENT
Edition statement (3rd) edition
260 ## - PUBLICATION, DISTRIBUTION, ETC. (IMPRINT)
Place of publication, distribution, etc London
260 ## - PUBLICATION, DISTRIBUTION, ETC. (IMPRINT)
Name of publisher, distributor, etc Fontana Press
260 ## - PUBLICATION, DISTRIBUTION, ETC. (IMPRINT)
-- 1985
300 ## - PHYSICAL DESCRIPTION
Extent 110p.
650 ## - SUBJECT ADDED ENTRY--TOPICAL TERM
Topical term following geographic name as entry element Irreligion
650 ## - SUBJECT ADDED ENTRY--TOPICAL TERM
Location of event Atheism
650 ## - SUBJECT ADDED ENTRY--TOPICAL TERM
Active dates God
942 ## - ADDED ENTRY ELEMENTS (KOHA)
Source of classification or shelving scheme Library of Congress Classification
Koha issues (borrowed), all copies 4
Holdings
Withdrawn status Lost status Source of classification or shelving scheme Damaged status Not for loan Collection code Home library Current library Shelving location Date acquired Total Checkouts Full call number Barcode Date last seen Date checked out Copy number Price effective from Koha item type
    Library of Congress Classification     Main Collection ARRUPE LIBRARY ARRUPE LIBRARY   05/03/2013 4 B1649.P64M33 1985 46003097180 25/11/2014 13/11/2014 1 05/03/2013 Monograph ( Printed materials)

 

Arrupe Library. PO Box MP320 Mt Pleasant, Harare, Zimbabwe
263 242 745411|librarian@aju.ac.zw